| 000 | 01122nam a2200241Ia 4500 | ||
|---|---|---|---|
| 001 | 8434 | ||
| 003 | GE_BSU | ||
| 008 | 181216s||||||||xx |||||||||||||| ||und|| | ||
| 040 | _cGE_BSU | ||
| 080 | _a821.353.1-82 | ||
| 100 | _aვაჟა-ფშაველა | ||
| 245 | _aთხზულებანი: ახლად გამოვლენილი ნაწარმოებები. | ||
| 245 | _bერთტომეული. | ||
| 245 | _cგამოსაც.მოამზადა, შესავ. წერილი, ვარიანტები, შენიშვნები და კომენტარები დაურთო ლ. ჭრელაშვილმა | ||
| 250 | _aთსუ, ვაჟა–ფშაველას კაბინეტი. | ||
| 260 | _aთბილისი. | ||
| 260 | _bსახ. უნ–ტის გამ–ბა. | ||
| 260 | _c1979 | ||
| 300 | _a260 გვ; 22 სმ. | ||
| 653 | _aახლად გამოვლენილი ნაწარმოებები. | ||
| 653 | _aთხზულებანი | ||
| 942 | _cBK | ||
| 999 |
_c41753 _d41753 |
||